Технология азотной кислоты: учебное пособие
| Main Author: | |
|---|---|
| Corporate Author: | |
| Summary: | Заглавие с титульного экрана В пособии излагаются физико-химические основы процессов, связанных с получением азотной кислоты различной концентрации, рассматриваются современные технологические схемы производства и основное оборудование. Приводится сравнение технико-экономических показателей работы различных вариантов схем. Предназначено для студентов, обучающихся по направлению 240100 «Химическая технология» Режим доступа: из корпоративной сети ТПУ |
| Language: | Russian |
| Published: |
Томск, Изд-во ТПУ, 2012
|
| Subjects: | |
| Online Access: | http://www.lib.tpu.ru/fulltext2/m/2012/m325.pdf |
| Format: | Electronic Book |
| KOHA link: | https://koha.lib.tpu.ru/cgi-bin/koha/opac-detail.pl?biblionumber=217901 |
MARC
| LEADER | 00000nlm0a2200000 4500 | ||
|---|---|---|---|
| 001 | 217901 | ||
| 005 | 20231101230145.0 | ||
| 035 | |a (RuTPU)RU\TPU\book\237905 | ||
| 090 | |a 217901 | ||
| 100 | |a 20120609d2012 m y0rusy50 ca | ||
| 101 | 0 | |a rus | |
| 102 | |a RU | ||
| 105 | |a a j 001zy | ||
| 135 | |a drcn ---uucaa | ||
| 181 | 0 | |a i | |
| 182 | 0 | |a b | |
| 200 | 1 | |a Технология азотной кислоты |b Электронный ресурс |e учебное пособие |f В. В. Коробочкин |g Национальный исследовательский Томский политехнический университет (ТПУ), Институт природных ресурсов (ИПР), Кафедра общей химической технологии (ОХТ) | |
| 203 | |a Текст |c электронный | ||
| 210 | |a Томск |c Изд-во ТПУ |d 2012 | ||
| 230 | |a 1 компьютерный файл (pdf; 4.3 MB) | ||
| 300 | |a Заглавие с титульного экрана | ||
| 330 | |a В пособии излагаются физико-химические основы процессов, связанных с получением азотной кислоты различной концентрации, рассматриваются современные технологические схемы производства и основное оборудование. Приводится сравнение технико-экономических показателей работы различных вариантов схем. Предназначено для студентов, обучающихся по направлению 240100 «Химическая технология» | ||
| 333 | |a Режим доступа: из корпоративной сети ТПУ | ||
| 337 | |a Adobe Reader | ||
| 452 | 1 | |0 (RuTPU)RU\TPU\book\245041 |t Технология азотной кислоты |o учебное пособие |f В. В. Коробочкин |g Национальный исследовательский Томский политехнический университет (ТПУ) |c Томск |n Изд-во ТПУ |d 2012 |p 97 с. |a Коробочкин, Валерий Васильевич | |
| 606 | 1 | |a Азотная кислота |x Производство |2 stltpush |3 (RuTPU)RU\TPU\subj\32207 |9 54827 | |
| 610 | 1 | |a электронный ресурс | |
| 610 | 1 | |a труды учёных ТПУ | |
| 610 | 1 | |a учебные пособия | |
| 610 | 1 | |a азотная кислота | |
| 610 | 1 | |a оксиды азота | |
| 610 | 1 | |a сырье | |
| 610 | 1 | |a переработка | |
| 610 | 1 | |a промышленные схемы | |
| 610 | 1 | |a производство | |
| 610 | 1 | |a концентрирование | |
| 675 | |a 661.56(075.8) |v 3 | ||
| 700 | 1 | |a Коробочкин |b В. В. |c российский химик-технолог |c профессор Томского политехнического университета, доктор технических наук |f 1951- |g Валерий Васильевич |2 stltpush |3 (RuTPU)RU\TPU\pers\27915 | |
| 712 | 0 | 2 | |a Национальный исследовательский Томский политехнический университет (ТПУ) |b Институт природных ресурсов (ИПР) |b Кафедра общей химической технологии (ОХТ) |h 100 |2 stltpush |3 (RuTPU)RU\TPU\col\18654 |
| 801 | 1 | |a RU |b 63413507 |c 20120609 | |
| 801 | 2 | |a RU |b 63413507 |c 20140110 |g RCR | |
| 856 | 4 | |u http://www.lib.tpu.ru/fulltext2/m/2012/m325.pdf | |
| 900 | |a Химическая технология неорганических веществ | ||
| 942 | |c CF | ||